An experiment in local property taxation reform

Bibliographic Details
Main Author: Chee, Kim Loy
Format: Book
Published: Pulau Pinang : Universiti Sains Malaysia , 1978
Subjects:

MARC

LEADER 00000cam a2200000 7i4500
001 0000016802
005 20060718.0
040 |a INS 
090 0 0 |a Research 248 
100 1 |a Chee, Kim Loy 
245 1 3 |a An experiment in local property taxation reform   |c Chee Kim Loy 
260 |a Pulau Pinang :   |b Universiti Sains Malaysia ,   |c 1978 
300 |a 35p :   |b ill ;   |c 28cm. 
650 0 0 |a property tax   |z Malaysia 
650 0 0 |a Real property and taxation   |z Malaysia 
999 |a RES0000356   |b BOOK   |c Research By JPPH Staff   |e Default branch